Something Rotten! Quiz #2: Songs - Statistics

General Stats
  • This quiz has been taken 29 times
  • The average score is 15 of 18
Answer Stats
Hint Answer % Correct
3. Right Hand Man
100%
1. Welcome to the Renaissance
96%
5. A Musical
93%
11. Hard to Be the Bard
93%
6. The Black Death
89%
8. Will Power
89%
2. God, I Hate Shakespeare
85%
16. Something Rotten! / Make an Omelette
85%
13. We See The Light
85%
18. Finale / Welcome to America!
81%
14. To Thine Own Self
81%
10. Welcome to the Renaissance (Reprise)
81%
9. Bottom's Gonna Be On Top
78%
4. God, I Hate Shakespeare (Reprise)
78%
12. It's Eggs!
78%
7. I Love The Way
70%
15. Right Hand Man (Reprise)
67%
17 To Thine Own Self (Reprise)
63%
No matching quizzes found
Score Distribution
Percent of People with Each Score
Percentile by Number Answered
Your Score History
You have not taken this quiz